| 000 | 00592nam a22001217a 4500 | ||
|---|---|---|---|
| 040 | _cRUA | ||
| 082 | _aVEM CHE 2025 B705 Or.1 | ||
| 100 | _aCHEN KENG, ជិន កេង | ||
| 245 | _a Canine Gastro-Intestinal Parasite At Koh Khsach Tonlea Commune, Saang District, Kandal Province, បរាសិតក្នុងក្រពះពោះវៀនសុនខ នៅឃុំកោះខ្សាច់ទន្លា ស្រុកស្អាង ខេត្តកណ្ដាល. | ||
| 260 |
_aPHNOM PENH _bRUA _c2025 |
||
| 300 |
_ax, 55p. _bill. _c29cm. |
||
| 942 | _cសារណាបទ | ||
| 999 |
_c25569 _d25569 |
||